Conservación integral del paisaje cultural del Norte de San José :estrategia para la valoración y recuperación de los palimpsestos urbanos dentro de la trama urbana
Zapisane w:
| 1. autor: | |
|---|---|
| Format: | Nieznany |
| Język: | Undetermined |
| Wydane: |
San José,Costa Rica
2013.
|
| Hasła przedmiotowe: |
CARMEN (SAN JOSE, COSTA RICA)
> REHABILITACION URBANA - CARMEN (SAN JOSE, COSTA RICA)
> PATRIMONIO ARQUITECTONICO - CONSERVACION Y RESTAURACION - CARMEN (SAN JOSE, COSTA RICA)
> REMODELELACION URBANA - CARMEN (SAN JOSE, COSTA RICA)
> ESPACIOS PUBLICOS - CARMEN (SAN JOSE, COSTA RICA)
> ARQUITECTURA Y SOCIEDAD
|
| Dostęp online: | https://cedi.ucr.ac.cr/arquitectura/conservacion-integral-del-paisaje-cultural-del-norte-de-san-jose-estrategia-para-la-valoracion-y-recuperacion-de-los-palimpsestos-urbanos-dentro-de-la-trama-urbana/ |
| Etykiety: |
Dodaj etykietę
Nie ma etykietki, Dołącz pierwszą etykiete!
|
MARC
| LEADER | 00000 a2200000 4500 | ||
|---|---|---|---|
| 003 | EA0070 | ||
| 005 | 20231005141710.0 | ||
| 008 | 140114s9999 xx 000 0 und d | ||
| 040 | |c cru CEDI | ||
| 090 | |a TFG EA-070 | ||
| 100 | |a Hernández Carrillo, Henry |9 20068 | ||
| 245 | |a Conservación integral del paisaje cultural del Norte de San José :estrategia para la valoración y recuperación de los palimpsestos urbanos dentro de la trama urbana | ||
| 260 | |a San José,Costa Rica |c 2013. | ||
| 500 | |a Proyecto de graduación (licenciatura en arquitectura)--Universidad de Costa Rica. Facultad de Ingeniería. Escuela de Arquitectura, | ||
| 610 | |x CARMEN (SAN JOSE, COSTA RICA) |x REHABILITACION URBANA - CARMEN (SAN JOSE, COSTA RICA) |x PATRIMONIO ARQUITECTONICO - CONSERVACION Y RESTAURACION - CARMEN (SAN JOSE, COSTA RICA) |x REMODELELACION URBANA - CARMEN (SAN JOSE, COSTA RICA) |x ESPACIOS PUBLICOS - CARMEN (SAN JOSE, COSTA RICA) |x ARQUITECTURA Y SOCIEDAD |9 20069 | ||
| 650 | |z ESTACIONAMIENTOS |9 20070 | ||
| 856 | |u https://cedi.ucr.ac.cr/arquitectura/conservacion-integral-del-paisaje-cultural-del-norte-de-san-jose-estrategia-para-la-valoracion-y-recuperacion-de-los-palimpsestos-urbanos-dentro-de-la-trama-urbana/ |y https://cedi.ucr.ac.cr/arquitectura/conservacion-integral-del-paisaje-cultural-del-norte-de-san-jose-estrategia-para-la-valoracion-y-recuperacion-de-los-palimpsestos-urbanos-dentro-de-la-trama-urbana/ | ||
| 942 | |c CEDI |2 ddc | ||
| 999 | |c 11476 |d 11476 | ||
